000 01059 a2200325 4500
003 OSt
005 20180116192330.0
008 120516t xxu||||| |||| 00| 0 eng d
010 _a 2006014984
020 _a0415386233 (hbk)
020 _a9780415386234 (hbk)
020 _a0415386241 (pbk)
020 _a9780415386241 (pbk)
020 _a0203966090 (ebk)
020 _a9780203966099 (ebk)
035 _a(OCoLC)ocm68786715
035 _a(OCoLC)68786715
040 _c0
082 0 0 _a690
100 1 _aCharlett, Andrew J.
_91542
245 1 0 _aFundamental building technology /
_cAndrew J. Charlett.
260 _aLondon ;
_aNew York :
_bTaylor & Francis,
_c2007.
300 _ax, 276 p. :
_bill. ;
_c26 cm.
500 _aIncludes bibliographical refrences and indexe
650 0 _aBuildings.
_91543
650 0 _aBuilding
_xtechnology
_91544
856 4 1 _3Table of contents only
_uhttp://www.loc.gov/catdir/toc/fy0805/2006014984.html
942 _aSADA
_cBK
_k690 CHA 2007
_2ddc
999 _c352311
_d352311